| 000 | 02423nam0a2200409 4500 | ||
|---|---|---|---|
| 001 | RU\NLR\bibl\1356201 | ||
| 005 | 20250615182230.0 | ||
| 010 |
_a978-5-222-14868-6 _bв пер. _93000 |
||
| 021 |
_aRU _b2009-11018 _9649 |
||
| 035 | _a(NLR Aleph) 001348397 | ||
| 090 |
_a905033 _c905033 |
||
| 100 | _a20090302d2009 |||y0rusy50 ca | ||
| 101 | 0 | _arus | |
| 102 | _aRU | ||
| 105 | _aa z ||||| | ||
| 200 | 1 |
_aПрактическое пособие по электрическим сетям и электрооборудованию _fС. Л. Кужеков, С. В. Гончаров |
|
| 205 | _aИзд. 3-е | ||
| 210 |
_aРостов-на-Дону _cФеникс _d2009 |
||
| 215 |
_a492 с. _cил., табл. _d21 |
||
| 225 | 1 | _aСерия "Профессиональное мастерство" | |
| 300 | _aНа обл. авт. не указаны | ||
| 320 | _aБиблиогр.: с. 480-481 (11 назв.) | ||
| 606 | 1 |
_aЭлектрические сети _jПрактические пособия _91349422 _3RU\NLR\auth\66248666 |
|
| 610 | 0 | _aЭнергетика -- Электроэнергетика. Электротехника -- Электрические (энергетические) системы -- Линии электропередачи и электрические сети -- Линии электропередачи и электрические сети высокого напряжения. Распределительные сети -- Пособие для повышения квалификации специалистов | |
| 610 | 0 | _aЭнергетика -- Электроэнергетика. Электротехника -- Электрические машины и аппараты. Электрооборудование -- Практическое пособие для повышения квалификации специалистов | |
| 610 | 0 | _aраспределительные устройства и подстанции | |
| 686 |
_aЗ279.1я77-5 _2rubbk |
||
| 686 |
_aЗ26я77-5 _2rubbk |
||
| 686 | _aЗ279я7 | ||
| 700 | 1 |
_aКужеков _bС. Л. _gСтанислав Лукьянович _4070 |
|
| 701 | 1 |
_aГончаров _bС. В. _gСергей Викторович _4070 |
|
| 801 | 0 |
_aRU _bРКП _c20090302 _grcr |
|
| 801 | 1 |
_aRU _bРГБ _c20090302 |
|
| 801 | 2 |
_aRU _bNLR _c20090413 _grcr |
|
| 942 | _cBOOK | ||
| 980 | _aNB | ||